00488 a2200169 4500003000500000005001700005040000900022082000800031100004300039245002100082260003700103300001800140538003000158942000900188999001900197952010200216Nust20170207154218.0 cNust a050 aSenior Student Editor Cadet Amir Abbas aGarrisonisn 2010 aKohatbCadet College Kohatc2010 aVarious Pages aAlmirah No.137 Shelf No.1 cMAGS c195155d195155 00102ddc40708NFICaMCSbMCSd2016-12-12l0o050 ABBpMCSP-97/01r2016-12-08w2016-12-12yBK